000 00489nam a2200193 a 4500
001 1770813380452
003 YourLibrary
005 20260211180754.0
008 260211s1986##################000#0#eng##
020 _a9780915202476
082 0 4 _a306.7
_bSCH
100 1 _aSchepp, Kay Frances,
_eauthor.
245 1 0 _aSexuality Counseling :
260 _bRoutledge,
_c1986.
300 _a510 pages
650 0 _aPsychology.
942 _cENGLISH
040 _aYourLibrary
_beng
_cYourLibrary
999 _c611920
_d611920